000 00779nam a2200205Ii 4500
003 JO-AjNU
008 230605s9999||||xx |||||||||||||| ||und||
040 _aJO-AjNU
_bara
_erda
_cJO-AjNU
041 _aara
050 1 4 _aPJ7526.T3322 1985
100 3 _aتأليف إبراهيم، طه أحمد,
_eauthor
_918844
245 0 0 _aتاريخ النقد الأدبي عند العرب من العصر الجاهلي إلى القرن الرابع هجري
250 _aط1
264 3 1 _aبيروت: دار الكتب العلمية، 1985
300 _a177ص
336 _atext
_btxt
_2rdacontent
337 _aunmediated
_bn
_2rdamedia
338 _avolume
_bnc
_2rdacarrier
650 4 _aالنقد الأدبي - العصر الجاهلي - القرن الرابع عشر
_918845
999 _aA6103
_c9671
_d9671